جامع شروح تحفة الأطفال في علم التجويد / (رقم التسجيلة. 141815)
[ عرض عادي ]
| 000 -الفاتح | |
|---|---|
| عناصر البيانات ثابتة الطول | 01025cam a2200205 i 4500 |
| 005 - تاريخ ووقت آخر معاملة | |
| حقل ضبط | 20251123111919.0 |
| 008 - عناصر البيانات ثابتة الطول | |
| عناصر البيانات ثابتة الطول | 250721s2019 ua gr 000 0 ara d |
| 020 ## - الترقيم الدولي المعياري للكتب (ردمك) | |
| الترقيم الدولي المعياري للكتب (ردمك) | 9789773726187 |
| 082 14 - رقم تصنيف ديوي العشري | |
| رقم التصنيف | 211.2 |
| رقم المادة | ج م ز |
| 100 1# - مدخل رئيسي – اسم شخصي | |
| الاسم الشخصي | الجمزوري، سليمان |
| علاقة الشخص بالعمل/ دوره | مؤلف. |
| 245 10 - بيان العنوان | |
| العنوان | جامع شروح تحفة الأطفال في علم التجويد / |
| بيان المسؤولية | لأصحاب الفضيلة الشيخ سليمان الجمزوري، الشيخ علي محمد الضباع ؛ اعتنى به وراجعه الشيخ مصطفى أبو المعاطي. |
| 250 ## - بيان الطبعة | |
| بيان الطبعة | الطبعة الأولى. |
| 264 31 - بيانات النشر، التوزيع…إلخ | |
| مكان النشر، التوزيع...إلخ | القاهرة : |
| اسم الناشر، الموزع...إلخ | دار الغد الجديد للطباعة والنشر والتوزيع، |
| تاريخ النشر، التوزيع...إلخ | 2019. |
| 300 ## - الوصف المادي | |
| عدد الوحدات المكونة للوعاء | 144 صفحة. |
| 500 ## - ملاحظات عامة | |
| ملاحظات عامة | متضمنة الحكم على الأحاديث من تخريج العلامة محمد ناصر الدين الألباني. |
| 650 17 - مدخل إضافي بالموضوع - مصطلح موضوعي | |
| مصطلح موضوعي أو اسم جغرافي كعنصر مدخل | القرآن الكريم. |
| 700 1# - مدخل إضافي - اسم شخصي | |
| الاسم الشخصي | الضباع، علي محمد |
| علاقة الشخص بالعمل/ دوره | مؤلف. |
| 942 ## - بيانات إضافية (كوها) | |
| نوع التنصيف | Dewey Decimal Classification |
| نوع المادة (كوها) | كتب |
| حالة السحب | حالة الفقدان | مصدر التصنيف | حالة التلف | غير قابل للإعارة | المكتبة الرئيسية | المكتبة الحالية | موقع الرف | تاريخ التزويد | الرقم المتسلسل | Total Checkouts | رقم الإستدعاء | الباركود | تاريخ آخر ظهور | تاريخ الفاتورة | نوع المادة (كوها) |
|---|---|---|---|---|---|---|---|---|---|---|---|---|---|---|---|
| Dewey Decimal Classification | المكتبة المركزية | المكتبة المركزية | الإعارة | 28/07/2025 | 1744323 | 211.2 / ج م ز | PLD00486938 | 28/07/2025 | 28/07/2025 | كتب | |||||
| Dewey Decimal Classification | مكتبة أبو علندا العامة | مكتبة أبو علندا العامة | الإعارة | 12/08/2020 | 1744327 | 211.2/جمز | PLD00487689 | 28/07/2025 | 12/08/2020 | كتب | |||||
| Dewey Decimal Classification | مكتبة أم قصير والمقابلين العامة | مكتبة أم قصير والمقابلين العامة | الإعارة | 12/08/2020 | 1744324 | 211.2/جمز | PLD00487686 | 28/07/2025 | 12/08/2020 | كتب | |||||
| Dewey Decimal Classification | مكتبة الاميرة بديعة | مكتبة الاميرة بديعة | الإعارة | 12/08/2020 | 1744325 | 211.2/جمز | PLD00487687 | 28/07/2025 | 12/08/2020 | كتب |